Halo: All Vehicles - Statistics

General Stats
  • This quiz has been taken 285 times
  • The average score is 30 of 106
Answer Stats
Hint Answer % Correct
UNSC Vehicles Warthog
97%
Banished Aircraft | Covenant Aircraft Banshee
88%
Covenant Spacecraft Space Banshee
86%
Banished Vehicles | Covenant Vehicles Ghost
85%
UNSC Vehicles Mongoose
84%
UNSC Aircraft Pelican
83%
UNSC Aircraft Pelican Gunship
83%
UNSC Vehicles Scorpion
82%
Banished Vehicles | Covenant Vehicles Wraith
77%
UNSC Aircraft Hornet
64%
Covenant Aircraft Phantom
64%
Banished Aircraft Banished Phantom
63%
UNSC Aircraft Falcon
54%
UNSC Vehicles Rocket Warthog
53%
Banished Vehicles | Covenant Vehicles Scarab
53%
UNSC Vehicles Gauss Hog
51%
Covenant Vehicles Brute Chopper
47%
Banished Vehicles Chopper
46%
UNSC Vehicles Gungoose
45%
UNSC Aircraft Wasp
45%
UNSC Spacecraft Infinity Class Supercarrier
43%
UNSC Spacecraft Frigate
42%
UNSC Vehicles Elephant
41%
UNSC Spacecraft Halcyon Class Ship
41%
Covenant Vehicles Revenant
40%
Banished Aircraft Banished Spirit
39%
UNSC Vehicles Mantis
39%
Covenant Aircraft Spirit
39%
UNSC Vehicles Mammoth
38%
UNSC Vehicles Transport Warthog
37%
UNSC Vehicles Razorback
36%
UNSC Spacecraft Longsword
35%
Covenant Vehicles Spectre
34%
UNSC Spacecraft Sabre
33%
Covenant Spacecraft Seraph
32%
Covenant Spacecraft Assault Carrier
31%
Covenant Spacecraft Supercarrier
29%
Covenant Vehicles Brute Prowler
26%
UNSC Spacecraft Prowler
26%
UNSC Vehicles Grizzly
25%
Covenant Vehicles Shadow Transport
25%
Covenant Spacecraft Corvette
23%
Covenant Vehicles Anti-aircraft Wraith
20%
Banished Vehicles | Covenant Vehicles Locust
20%
UNSC Vehicles Rhino
20%
UNSC Aircraft Vulture
20%
UNSC Vehicles Wolverine
20%
UNSC Aircraft Broadsword
19%
Forerunner Craft Phaeton
19%
UNSC Aircraft ODST Drop Pod
18%
UNSC Aircraft Shortsword Bomber
18%
UNSC Vehicles Cobra
17%
UNSC Aircraft Condor
17%
UNSC Aircraft Condor Gunship
17%
UNSC Vehicles Cyclops
16%
Covenant Spacecraft High Charity
16%
Banished Aircraft Banished Drop Pods
15%
Covenant Aircraft Covenant Drop Pods
15%
UNSC Vehicles Jackrabbit
15%
Covenant Aircraft Vampire
15%
UNSC Aircraft Hawk
14%
UNSC Vehicles Gremlin
12%
UNSC Vehicles Kodiak
12%
Banished Aircraft | Covenant Aircraft Lich
12%
UNSC Spacecraft Phoenix Class Support Ship
12%
Covenant Vehicles Kraken
10%
UNSC Aircraft Nightingale
10%
Forerunner Craft Dreadnaught
9%
Forerunner Craft Dreadnought
9%
UNSC Vehicles Flame Warthog
9%
UNSC Vehicles Mastodon
9%
UNSC Spacecraft Orbital Weapon Platform
9%
UNSC Aircraft Albatross
8%
Banished Aircraft Banished Dreadnought
8%
Banished Vehicles Reaver
8%
Banished Vehicles | Covenant Vehicles Grunt Goblin
7%
Banished Aircraft Blisterback
6%
UNSC Aircraft Darter
6%
UNSC Vehicles Frost Hog
6%
UNSC Aircraft Frostraven
6%
Banished Vehicles Marauder
6%
Banished Aircraft Shroud
6%
Covenant Spacecraft Tick
6%
UNSC Vehicles Colossus
5%
UNSC Aircraft Kestrel
5%
UNSC Vehicles Bison
4%
UNSC Aircraft Heron
4%
Banished Vehicles Methane Wagon
4%
Banished Vehicles Skitterer
4%
UNSC Aircraft Transport Hornet
4%
Banished Vehicles Wraith Invader
4%
UNSC Vehicles Command Mantis
3%
Covenant Vehicles Harvester
3%
UNSC Aircraft Drone Fighters
2%
UNSC Vehicles Flame Cyclops
2%
UNSC Vehicles Green Machine
2%
Covenant Spacecraft Heavy Destroyer
2%
Forerunner Craft Midnight
2%
Banished Vehicles Volatile Scarab
2%
No matching quizzes found
Score Distribution
Percent of People with Each Score
Percentile by Number Answered
Your Score History
You have not taken this quiz